| 000 | 01487cam a2200409 i 4500 | ||
|---|---|---|---|
| 999 |
_c2830 _d2830 |
||
| 001 | 18100943 | ||
| 003 | OSt | ||
| 005 | 20230823104531.0 | ||
| 008 | 140403s2013 enkab 000 0 eng | ||
| 010 | _a 2013443231 | ||
| 020 | _a9781107035157 (Hardback) | ||
| 020 | _a1107035155 (Hardback) | ||
| 020 | _a9781107685499 (Paperback) | ||
| 020 | _a1107685494 (Paperback) | ||
| 040 |
_aDLC _beng _erda _cDLC _dDLC _dKH8 |
||
| 042 | _apcc | ||
| 082 | 0 | 0 |
_a423 MCL _223 |
| 130 | _aCambridge advanced learner's dictionary | ||
| 245 | 0 | 0 |
_aCambridge advanced learner's dictionary / _cedited by Colin McIntosh. |
| 250 | _aFourth edition. | ||
| 264 | 1 |
_aCambridge : _bCambridge Univ. Press, _c2013. |
|
| 264 | 4 | _c©2013 | |
| 300 |
_axiv, 1844 pages, 16 pages of plates : _billustrations (some color), color maps ; _c24 cm |
||
| 336 |
_atext _btxt _2rdacontent |
||
| 337 |
_aunmediated _bn _2rdamedia |
||
| 338 |
_avolume _bnc _2rdacarrier |
||
| 500 | _aPrevious ed.: 2008. | ||
| 500 | _a"First published 1995 as Cambridge International Dictionary of English". | ||
| 650 | 0 |
_aEnglish language _vDictionaries. |
|
| 650 | 0 |
_aEnglish language _vTextbooks for foreign speakers. |
|
| 700 | 1 |
_aMcIntosh, Colin, _d1963-, _eeditor. |
|
| 710 | 2 | _aCambridge University Press. | |
| 740 | 0 | _aCambridge International Dictionary of English. | |
| 906 |
_a7 _bcbc _corigres _d2 _encip _f20 _gy-gencatlg |
||
| 942 |
_2ddc _cTR |
||